One piece Experts du manga - Statistiques

Statistiques générales
  • Ce quiz a été pris 9 040 fois
  • Le résultat moyen est 9 sur 15
Statistiques - réponses
Indices Réponses % Correct
qui gagne au Colisée de Doflamingo? sabo
89%
qui entraîne zoro pendant ses deux ans d'abscences? mihawk
88%
après le zoan, et le logia, quel autre type de fruits du démons peut-on trouver? paramecia
88%
quel est le nom du deuxième amiral qui apparaît dans le manga? akainu
84%
A Impel Down ,quel est l'étage le plus bas où baggy s'est déjà fait emprisonné? 4
83%
combien de personnes connaît-on sous le nom de "D"? 9
81%
sur quelle île luffy réussi à battre rob lucci? enies lobby
80%
de quelle mer vient shanks? west blue
75%
quel est le nom de l'organisation dont Crocodile tire les ficelles? baroque works
69%
L'âme de qui s'est retrouvé dans le corps de Chopper lors du tome 67? Franky
62%
Comment se nomme le commandant de la cinquième flotte de barbe blanche? vista
62%
sur combien d'île luffy s'est arrêté, jusqu'à Dressrosa? 22
60%
quelle est la première technique que ace utilise? pyropunch
17%
Quel est à la première prime de Jinbe? 76 000 000
8%
quel est la prime totale des 7 capitaines corsaires, à l'époque où luffy n'avait pas encore pris la mer, et sans compter mihawk ( car on ne connaît pas sa prime dans le manga)? 1.367.000.000
1%
Aucun quiz correspondant
Distribution des résultats
% des personnes avec chaque résultat
Percentile par nombre de réponses
Votre historique - résultats
Vous n’avez pas pris ce quiz